Social psychology /

Bibliographic Details
Main Author: Gilovich, Thomas
Other Authors: Keltner, Dacher, Nisbett, Richard E.
Format: Book
Language:English
Published: New York : W.W. Norton & Co., [2011]
Edition:2nd ed.
Subjects:

MARC

Tag First Indicator Second Indicator Subfields
LEADER 00000cam a2200000 a 4500
001 in00002781499
005 20150922132617.0
008 090814s2011 nyua b 001 0 eng
010 |a  2009033806 
015 |a GBB000455  |2 bnb 
016 7 |a 015453070  |2 Uk 
020 |a 9780393932584 
020 |a 0393932583 
035 |a (OCoLC)ocn317920180 
040 |a DLC  |c DLC  |d YDX  |d BTCTA  |d UKM  |d YDXCP  |d CDX  |d BWX  |d UtOrBLW 
049 |a TXAM 
050 0 0 |a HM1033  |b .G52 2011 
082 0 0 |a 302  |2 22 
100 1 |a Gilovich, Thomas. 
245 1 0 |a Social psychology /  |c Thomas Gilovich, Dacher Keltner, Richard E. Nisbett. 
250 |a 2nd ed. 
264 1 |a New York :  |b W.W. Norton & Co.,  |c [2011] 
264 4 |c ©2011 
300 |a xxvii, 606 pages, 94 unnumbered pages :  |b illustrations (some color) ;  |c 29 cm. 
336 |a text  |b txt  |2 rdacontent 
337 |a unmediated  |b n  |2 rdamedia 
338 |a volume  |b nc  |2 rdacarrier 
504 |a Includes bibliographical references and indexes. 
650 0 |a Social psychology. 
700 1 |a Keltner, Dacher. 
700 1 |a Nisbett, Richard E. 
948 |a cataloged  |b h  |c 2012/10/29  |d c  |e ceaton  |f 8:46:58 am 
994 |a C0  |b TXA 
999 |a MARS 
999 f f |s 5c426ff1-44e7-3be9-9709-791396680f47  |i ca3729a4-0fb3-33c8-9f2e-b393a1af0118  |t 0 
952 f f |p normal  |a Texas A&M University  |b College Station  |c Sterling C. Evans Library  |d Evans: Library Stacks  |t 0  |e HM1033 .G52 2011  |h Library of Congress classification  |i unmediated -- volume  |m A14841589036 
998 f f |a HM1033 .G52 2011  |t 0  |l Evans: Library Stacks